• 首页
  • 本馆介绍
  • 公告通知
  • 最新文献
  • 馆藏检索
  • 电子资源
  • 读者导购
  • 参考咨询
  • 我的图书馆
  • 登录
  • 详细信息显示
  • 放入我的书架
  • 预约/预借图书
  • 作者相关作品
  • 分类相关作品
  • 丛书相关作品
  • 出版社相关作品

书目信息

  • 表格格式
  • 工作单格式
  • 卡片格式
题名:
内部审计
    
 
作者: 王宝庆 , 张庆龙 主编
分册:  
出版信息: 大连   东北财经大学出版社  2021.2
页数: 229页
开本: 25cm
丛书名:
单 册:
中图分类: F239.45
科图分类:
主题词: 内部审计--nei bu shen ji--高等教育--教材
电子资源:
ISBN: 978-7-5654-4070-0
000 01145nam0 2200277 450
001 2161466667
005 20211003084244.00
010    @a978-7-5654-4070-0@dCNY42.00
100    @a20210411d2021 em y0chiy0120 ea
101 0  @achi
102    @aCN@b210000
105    @ay z 000yy
106    @ar
200 1  @a内部审计@Anei bu shen ji@dInternal auditing@f王宝庆,张庆龙主编@zeng
205    @a3版
210    @a大连@c东北财经大学出版社@d2021.2
215    @a229页@d25cm
300    @a21世纪高等教育审计精品教材 国家级一流本科专业建设点
330    @a本书首先介绍了《萨班斯-奥克斯利法案》及其影响、审计关系、内部审计工作规范体系,然后介绍了内部审计特征、内部审计人员的职业道德和职业能力、行业协会和内部审计机构,接着对内部审计的主要工作、管理方法、自我评价进行了讲解,最后对舞弊审计、经济效益审计和风险管理审计等相关领域和新兴领域进行介绍。
510 1  @aInternal auditing@zeng
606 0  @a内部审计@Anei bu shen ji@x高等教育@j教材
690    @aF239.45@v5
701  0 @a王宝庆@Awang bao qing@f(1964-)@4主编
701  0 @a张庆龙@Azhang qing long@f(1974.1-)@4主编
801  0 @aCN@b百万庄@c20210929
905    @b1302918-921@dF239.45@e670=3@f4
    
    内部审计=Internal auditing/王宝庆,张庆龙主编.-3版.-大连:东北财经大学出版社,2021.2
    229页;25cm
    21世纪高等教育审计精品教材 国家级一流本科专业建设点
    
    ISBN 978-7-5654-4070-0:CNY42.00
    本书首先介绍了《萨班斯-奥克斯利法案》及其影响、审计关系、内部审计工作规范体系,然后介绍了内部审计特征、内部审计人员的职业道德和职业能力、行业协会和内部审计机构,接着对内部审计的主要工作、管理方法、自我评价进行了讲解,最后对舞弊审计、经济效益审计和风险管理审计等相关领域和新兴领域进行介绍。
●
相关链接 在E读中查询图书 在五车中查询图书 在当当中查询图书 在豆瓣中查询图书


正题名:内部审计     索取号:F239.45/670=3         预约/预借

序号 登录号 条形码 馆藏地/架位号 状态 备注
1 1302918   213029186   第一样本阅览室/ [索取号:F239.45/670=3] 在馆    
2 1302919   213029195   第一借阅区/ [索取号:F239.45/670=3] 在馆    
3 1302920   213029202   第一借阅区/ [索取号:F239.45/670=3] 在馆    
4 1302921   213029211   第一借阅区/ [索取号:F239.45/670=3] 在馆    
唐山师范学院图书馆 欢迎您!
大连网信软件有限公司© 版权所有